Ordina gli eventi - Cars - Statistics

Statistiche generali
  • Questo quiz è stato fatto 237 volte
  • Il punteggio medio è 6 su 15
Statistiche sulle risposte
Hint Risposta % Corretto
3 Mack si addormenta in autostrada
80%
1 Saetta si motiva nel rimorchio di Mack prima della Dinoco 400
74%
2 Saetta, il Re e Chick arrivano primi ex aequo
68%
4 Saetta distrugge la strada principale di Radiator Springs
66%
5 Saetta viene processato per la distruzione della strada
55%
6 Saetta viene collegato a Bessie per la primissima volta
49%
8 Saetta finisce di asfaltare correttamente il suo primo tratto di strada
33%
7 Doc sfida Saetta ad una gara sullo sterrato
32%
9 Saetta e Cricchetto spaventano i trattori
28%
15 Cricchetto si gode finalmente il giro in elicottero
21%
12 Doc racconta a Saetta del proprio incidente
18%
10 Saetta scopre che Doc ha vinto tre Piston Cup
18%
14 Chick Hicks colpisce il Re causando un incidente alla sua ultima gara
14%
13 I giornalisti trovano Saetta a Radiator Springs
13%
11 Sally svela a Saetta il passato di Radiator Springs
12%
Nessun quiz corrispondente trovato
Distribuzione punteggi
Percentuale di utenti per punteggio
Percentile per numero di risposta
I tuoi punteggi nel tempo
Non hai fatto questo quiz